Sports Quiz

Random Sports or Soccer Quiz

FA Cup Winning Squads Since 1993 Quiz Stats

 Plays Quiz Updated Jun 30, 2016

Also try: FA Cup Winners
Challenge
Share
Tweet
Embed
Score 0/286 Timer 20:00
7 Plays Today
Team Player % Correct
Chelsea '09Petr Čech
90.5%
Chelsea '07Petr Čech
90.5%
Chelsea '10Petr Čech
90.1%
Chelsea '12Petr Čech
89.7%
Chelsea '07Didier Drogba
87.7%
Chelsea '09Didier Drogba
87.7%
Chelsea '09John Terry
87.3%
Chelsea '07John Terry
87.3%
Chelsea '10Didier Drogba
87.2%
Chelsea '10John Terry
86.8%
Arsenal '03Ashley Cole
86.6%
Arsenal '02Ashley Cole
86.6%
Arsenal '05Ashley Cole
86.6%
Chelsea '09Ashley Cole
86.6%
Manchester United '96Andrew Cole
86.5%
Manchester United '99Andrew Cole
86.5%
Chelsea '07Joe Cole
86.4%
Manchester United '16David De Gea
86.2%
Chelsea '10Ashley Cole
86.2%
Chelsea '07Frank Lampard
85.6%
Chelsea '09Frank Lampard
85.6%
Chelsea '10Frank Lampard
85.1%
Chelsea '12John Terry
84.9%
Liverpool '06Steven Gerrard
84.5%
Liverpool '01Steven Gerrard
84.5%
Chelsea '12Ashley Cole
84.3%
Manchester United '16Wayne Rooney
83.9%
Chelsea '12Didier Drogba
83.3%
Chelsea '12Frank Lampard
82.7%
Arsenal '03Thierry Henry
81.4%
Arsenal '02Thierry Henry
81.4%
Chelsea '18Thibaut Courtois
81.2%
Manchester United '94Ryan Giggs
79.8%
Manchester United '04Ryan Giggs
79.8%
Manchester United '99Ryan Giggs
79.8%
Manchester United '96Ryan Giggs
79.8%
Manchester City '11Joe Hart
79.4%
Chelsea '18Eden Hazard
79.4%
Arsenal '17Alexis Sánchez
78.6%
Manchester United '04Paul Scholes
78.3%
Manchester United '99Paul Scholes
78.3%
Arsenal '03David Seaman
77.7%
Arsenal '02David Seaman
77.7%
Arsenal '98David Seaman
77.7%
Arsenal '93*David Seaman
77.7%
Arsenal '14Olivier Giroud
76.9%
Chelsea '18Olivier Giroud
76.8%
Arsenal '15Alexis Sánchez
76.5%
Manchester United '99David Beckham
75.1%
Manchester United '96David Beckham
75.1%
Chelsea '18Gary Cahill
74.9%
Liverpool '06José Manuel Reina
74.5%
Arsenal '05Kolo Touré
74.4%
Arsenal '17Mesut Özil
73.7%
Arsenal '15Mesut Özil
73.3%
Arsenal '14Mesut Özil
73.2%
Manchester City '11Yaya Touré
73.2%
Manchester United '04Gary Neville
73%
Manchester United '99Gary Neville
73%
Manchester United '99Phil Neville
72.9%
Manchester United '96Phil Neville
72.9%
Portsmouth '08David James
72.5%
Arsenal '05Dennis Bergkamp
71.3%
Arsenal '03Dennis Bergkamp
71.3%
Arsenal '02Dennis Bergkamp
71.3%
Arsenal '17Aaron Ramsey
71.2%
Liverpool '01Michael Owen
71.1%
Arsenal '98Nicolas Anelka
70.9%
Chelsea '09Nicolas Anelka
70.9%
Manchester United '16Chris Smalling
70.8%
Chelsea '18Marcos Alonso
70.7%
Chelsea '10Nicolas Anelka
70.5%
Liverpool '06Jamie Carragher
70.2%
Liverpool '01Jamie Carragher
70.2%
Manchester United '99Peter Schmeichel
69.9%
Manchester United '94Peter Schmeichel
69.9%
Manchester United '96Peter Schmeichel
69.9%
Arsenal '05Gilberto Silva
69.9%
Arsenal '03Gilberto Silva
69.9%
Arsenal '17David Ospina
69.6%
Arsenal '02Tony Adams
69.3%
Arsenal '98Tony Adams
69.3%
Arsenal '93*Tony Adams
69.3%
Arsenal '14Aaron Ramsey
69.3%
Arsenal '15Aaron Ramsey
69.1%
Manchester United '99Ronny Johnsen
68.7%
Manchester City '11Vincent Kompany
68.7%
Arsenal '15Theo Walcott
68.3%
Manchester City '11Carlos Tévez
67.8%
Arsenal '05Patrick Vieira
67.6%
Arsenal '02Patrick Vieira
67.6%
Arsenal '98Patrick Vieira
67.6%
Manchester United '99Roy Keane
67.6%
Manchester United '04Roy Keane
67.6%
Manchester United '96Roy Keane
67.5%
Manchester United '94Roy Keane
67.5%
Team Player % Correct
Manchester City '11David Silva
66.8%
Arsenal '05Jens Lehmann
66.3%
Arsenal '14Per Mertesacker
66.3%
Arsenal '15Per Mertesacker
66.2%
Arsenal '17Per Mertesacker
65.8%
Manchester United '16Michael Carrick
65.2%
Manchester United '16Juan Mata
65.2%
Manchester United '16Antonio Valencia
64.1%
Arsenal '05Robert Pires
64%
Arsenal '03Robert Pires
63.9%
Arsenal '14Laurent Koscielny
63.6%
Portsmouth '08Sol Campbell
63.6%
Arsenal '15Laurent Koscielny
63.5%
Arsenal '02Sol Campbell
63.5%
Manchester United '04Ruud van Nistelrooy
63.3%
Arsenal '93*Kevin Campbell
63.2%
Manchester United '16Marcus Rashford
62.8%
Chelsea '10Branislav Ivanović
62.4%
Arsenal '17Héctor Bellerín
62%
Portsmouth '08Glen Johnson
61.4%
Arsenal '17Danny Welbeck
60.9%
Arsenal '93*Ian Wright
60.5%
Chelsea '09Florent Malouda
60.2%
Chelsea '07Michael Essien
60.1%
Chelsea '09Michael Essien
60.1%
Chelsea '12Branislav Ivanović
60.1%
Chelsea '10Florent Malouda
59.9%
Chelsea '12Juan Mata
59.6%
Arsenal '15Héctor Bellerín
59.6%
Manchester United '16Anthony Martial
59.6%
Arsenal '03Martin Keown
59.5%
Arsenal '98Martin Keown
59.4%
Arsenal '17Nacho Monreal
59%
Chelsea '00Gianfranco Zola
58.7%
Chelsea '97Gianfranco Zola
58.7%
Manchester United '04Cristiano Ronaldo
58.6%
Manchester United '94Eric Cantona
58.5%
Manchester United '96Eric Cantona
58.5%
Portsmouth '08Nwankwo Kanu
58.3%
Arsenal '15Nacho Monreal
58.1%
Manchester United '16Daley Blind
58%
Arsenal '98Lee Dixon
58%
Arsenal '93*Lee Dixon
58%
Chelsea '18César Azpilicueta
57.8%
Chelsea '18Victor Moses
56.7%
Liverpool '01Sami Hyypiä
56.6%
Liverpool '06Sami Hyypiä
56.6%
Manchester City '11Gareth Barry
56.1%
Chelsea '09John Obi Mikel
56%
Chelsea '07John Obi Mikel
56%
Manchester United '94Denis Irwin
55.6%
Manchester United '96Denis Irwin
55.6%
Manchester United '94Steve Bruce
55.5%
Chelsea '10Salomon Kalou
54.8%
Manchester United '96Nicky Butt
54.2%
Manchester United '16Marcos Rojo
53.8%
Manchester City '11Micah Richards
53.5%
Liverpool '06Xabi Alonso
53.5%
Arsenal '02Ray Parlour
53.2%
Arsenal '03Ray Parlour
53.2%
Arsenal '03Fredrik Ljungberg
53.2%
Arsenal '02Fredrik Ljungberg
53.2%
Arsenal '98Ray Parlour
53.1%
Arsenal '14Kieran Gibbs
53.1%
Arsenal '14Santi Cazorla
52.6%
Manchester City '11Joleon Lescott
52.5%
Manchester United '94Gary Pallister
52.5%
Manchester United '96Gary Pallister
52.4%
Arsenal '15Santi Cazorla
52.2%
Arsenal '98Nigel Winterburn
51.8%
Arsenal '93*Nigel Winterburn
51.8%
Chelsea '97Mark Hughes
51.7%
Manchester United '94Mark Hughes
51.7%
Manchester United '99Ole Gunnar Solskjaer
51.1%
Arsenal '05Lauren
50.6%
Arsenal '03Lauren
50.6%
Arsenal '02Lauren
50.6%
Chelsea '12John Obi Mikel
50.6%
Liverpool '06Peter Crouch
50.3%
Arsenal '14Bacary Sagna
50%
Manchester United '04Tim Howard
49.9%
Manchester United '04Wes Brown
49.7%
Chelsea '10Michael Ballack
49.4%
Manchester United '04John O'Shea
49.1%
Chelsea '09Alex
48.9%
Arsenal '93*Alan Smith
48.5%
Chelsea '10Alex
48.5%
Arsenal '98Emmanuel Petit
48.3%
Manchester City '11Aleksandar Kolarov
47.8%
Arsenal '98Marc Overmars
47.7%
Arsenal '14Łukasz Fabiański
47.4%
Chelsea '07Claude Makélélé
47.4%
Chelsea '07Paulo Ferreira
47.2%
Chelsea '09José Bosingwa
47.1%
Chelsea '12Salomon Kalou
46.4%
Arsenal '05Cesc Fabregas
46.3%
Team Player % Correct
Arsenal '17Granit Xhaka
46.2%
Arsenal '15Wojciech Szczęsny
45.5%
Liverpool '06John Arne Riise
44.8%
Chelsea '00Dennis Wise
44.5%
Chelsea '97Dennis Wise
44.4%
Chelsea '18 N'Golo Kanté
44.3%
Liverpool '01Emile Heskey
44.1%
Chelsea '18Cesc Fàbregas
43.2%
Chelsea '00Roberto Di Matteo
43.1%
Chelsea '97Roberto Di Matteo
43%
Manchester City '11Nigel de Jong
43%
Manchester City '11Mario Balotelli
42.4%
Manchester United '16Marouane Fellaini
42.2%
Arsenal '17Alex Oxlade-Chamberlain
42.2%
Manchester United '94Paul Ince
41.5%
Chelsea '00Ed de Goey
41%
Wigan Athletic '13Callum McManaman
40.2%
Liverpool '06Steve Finnan
40.2%
Arsenal '02Sylvain Wiltord
39.5%
Arsenal '15Francis Coquelin
39.3%
Arsenal '14Mikel Arteta
39.3%
Everton '95Neville Southall
39.2%
Manchester United '94Paul Parker
39%
Chelsea '12José Bosingwa
38.3%
Manchester United '94Andrei Kanchelskis
38.3%
Liverpool '06Djibril Cissé
37.9%
Manchester United '99David May
37.6%
Manchester United '96David May
37.5%
Chelsea '00Marcel Desailly
37.5%
Chelsea '07Wayne Bridge
37.4%
Arsenal '17Rob Holding
36.2%
Liverpool '01Dietmar Hamann
35.5%
Liverpool '01Sander Westerveld
35.3%
Chelsea '18Tiémoué Bakayoko
34.7%
Liverpool '01Vladimír Smicer
34.3%
Chelsea '12Ramires
34.2%
Manchester United '04Darren Fletcher
34.1%
Liverpool '06Harry Kewell
34%
Chelsea '00Frank Leboeuf
33.3%
Chelsea '97Frank Leboeuf
33.3%
Arsenal '05José Antonio Reyes
32.8%
Wigan Athletic '13James McCarthy
32.7%
Manchester United '04Mikaël Silvestre
32.7%
Liverpool '01Stéphane Henchoz
32.5%
Everton '95Dave Watson
32.1%
Chelsea '18Antonio Rüdiger
31.5%
Arsenal '93*Paul Merson
29.8%
Everton '95Paul Rideout
28.9%
Chelsea '07Shaun Wright-Phillips
27.5%
Chelsea '00Gustavo Poyet
26.3%
Arsenal '14Lukas Podolski
26.2%
Liverpool '01Danny Murphy
25.6%
Arsenal '05Philippe Senderos
25.5%
Wigan Athletic '13Joel Robles
25.4%
Chelsea '97Dan Petrescu
24%
Wigan Athletic '13James McArthur
23.7%
Wigan Athletic '13Arouna Koné
23.7%
Portsmouth '08Lassana Diarra
23%
Wigan Athletic '13Emmerson Boyce
22.7%
Portsmouth '08Sylvain Distin
22.2%
Portsmouth '08Sulley Muntari
21.6%
Arsenal '93*Paul Davis
21.4%
Wigan Athletic '13Shaun Maloney
21.3%
Liverpool '01Markus Babbel
19.9%
Arsenal '98Christopher Wreh
19.7%
Chelsea '00Celestine Babayaro
19.6%
Portsmouth '08John Utaka
18.5%
Wigan Athletic '13Jordi Gómez
18.4%
Liverpool '06Momo Sissoko
18.2%
Portsmouth '08Niko Kranjčar
18.1%
Chelsea '97Frank Sinclair
18%
Everton '95Anders Limpar
17.5%
Chelsea '00Didier Deschamps
17.4%
Everton '95David Unsworth
17%
Chelsea '00Mario Melchiot
16.7%
Portsmouth '08Hermann Hreidarsson
16.3%
Portsmouth '08Pedro Mendes
16.3%
Wigan Athletic '13Antolín Alcaraz
16.2%
Chelsea '97Eddie Newton
15.9%
Arsenal '93*Andy Linighan
15.6%
Everton '95Graham Stuart
15.1%
Arsenal '03Oleg Luzhny
14%
Arsenal '93*John Jensen
13.1%
Chelsea '97Steve Clarke
13%
Wigan Athletic '13Paul Scharner
11.9%
Everton '95Matt Jackson
11.7%
Wigan Athletic '13Roger Espinoza
11.5%
Everton '95Andy Hinchcliffe
11.3%
Chelsea '00George Weah
11.1%
Chelsea '97Frode Grodås
10.7%
Everton '95Barry Horne
10.1%
Everton '95Gary Ablett
9.4%
Chelsea '97Scott Minto
8.2%
Everton '95Joe Parkinson
8.1%

You're not logged in!

Compare scores with friends on all Sporcle quizzes.
Join for Free
OR
Log In

You Might Also Like...

Show Comments

Extras

Top Quizzes Today


Score Distribution

Your Account Isn't Verified!

In order to create a playlist on Sporcle, you need to verify the email address you used during registration. Go to your Sporcle Settings to finish the process.

Report this User

Report this user for behavior that violates our Community Guidelines.

Details: